000 01125nam a2200265 i 4500
003 DO-SdBNP
005 20260211085600.0
007 ta
008 250701s1989 dr 000 0 spa d
040 _aDO-SdBNP
_bspa
_cBNPHU
_erda
041 _hspa
082 4 _axxx
_bR426c
_222
110 1 _aRepública Dominicana
_9447
240 0 _a[Leyes, etc.]
245 1 0 _aCódigo de comercio de la República Dominicana :
_barreglado: por la comisión nombrada por el poder ejecutivo y conforme al decreto del Congreso Nacional de fecha 4 de julio de 1982, conservando el orden de los artículos del texto francés vigente en la República desde el año 1845 y leyes complementarias y conexas /
_cedición, Manlio A. Minervino G.
264 1 _aSanto Domingo, República Dominicana :
_bEditorial Futuro,
_c1989.
300 _a305 páginas :
_c21 cm.
336 _atexto
_btxt
_2rdacontent
337 _asin mediación
_bn
_2rdamedia
338 _avolumen
_bnc
_2rdacarrier
590 _aInventariado 2025/ YL
650 4 _910077
_aDerecho Comercial
_xLegislación
_zRepública Dominicana
910 _aYLockward
942 _2ddc
_cLBS1
999 _c59406
_d59406